=LDR 00000nam 2200000 4500 =001 INLIS000000000006067 =005 20251031105236 =035 ##$$a 0010-1025001122 =007 ta =008 251031###########################0#ind## =082 ##$$a 304.6 =084 ##$$a 304.6 BAD b =100 #$$a Badan Koordinasi Keluarga Berencana Nasional =245 1#$$a Berawal dari Declaration On Population /$c Badan Koordinasi Keluarga Berencana Nasional =260 ##$:$b Badan Koordinasi Keluarga Berencana Nasional =300 ##$$a 4 Hal : $b Ilus ; $c 21 =650 #4$$a Keluarga Berencana =856 ##$$a Perpustakaan Kemendukbangga